| 000 | 00956nam a2200265 i 4500 | ||
|---|---|---|---|
| 001 | 27171 | ||
| 003 | ES-MaACL | ||
| 005 | 20231011063056.0 | ||
| 007 | t| | ||
| 008 | 030113s1950 sp ||||1| spa d | ||
| 040 | _cES-MaACL | ||
| 080 | _2929(85):27-789.32 | ||
| 100 | 1 |
_aArroyo, Luis, _d1890-1976 _9234331 |
|
| 245 | 1 | 0 |
_aComisarios generales del Perú / _cpor Luis Arroyo ; edición y prólogo de Fidel de Lejarza. |
| 260 |
_aMadrid : _bConsejo Superior de Investigaciones Científicas, Instituto Santo Toribio de Mogrovejo, _c1950 |
||
| 300 |
_aXXI, 594 p. ; _c21 cm. |
||
| 490 | 1 |
_aMissionalia Hispánica. Serie B ; _v3 |
|
| 700 | 1 |
_aLejarza, Fidel de _c, Fray. _971416 |
|
| 710 | 2 |
_aInstituto Santo Toribio de Mogrovejo. _9181352 |
|
| 830 | 0 |
_aMissionalia Hispánica. Serie B ; _v3 _9181353 |
|
| 852 |
_aES-MaACL _jD-7683 _bR.29597 |
||
| 942 |
_cMONOGRAFIA _n0 |
||
| 999 |
_c27171 _d27171 |
||